Els Arxius per a la història del nacionalisme català / per Jaume Sobrequés i Callicó
Publicado:
Barcelona :
Departament de Cultura de la Generalitat de Catalunya : Arxiu Nacional de Catalunya ,
1982
Descripción Física:
79 p. ; 24 cm
Colección:
Fonts per a la història de Catalunya ; 1
MARC
| LEADER | 00000nam a2200000Ia 4500 | ||
|---|---|---|---|
| 001 | 7545 | ||
| 008 | 160829s1982 xx 000 0 cat d | ||
| 080 | |a H-1-114 | ||
| 100 | |a Sobrequés i Callicó, Jaume |9 25445 | ||
| 245 | |a Els Arxius per a la història del nacionalisme català / per Jaume Sobrequés i Callicó | ||
| 260 | |a Barcelona : |b Departament de Cultura de la Generalitat de Catalunya : |b Arxiu Nacional de Catalunya, |c 1982 | ||
| 300 | |a 79 p. ; |c 24 cm | ||
| 490 | |a Fonts per a la història de Catalunya ; 1 | ||
| 650 | |a Nacionalisme |x Catalunya |x Història |x Fonts |9 25446 | ||
| 710 | 2 | |a Catalunya. |b Departament de Cultura |9 52819 | |
| 710 | 2 | |a Arxiu Nacional de Catalunya |9 55117 | |
| 901 | |a Arxiu | ||
| 942 | |n 1 | ||
| 952 | |0 0 |1 0 |4 0 |6 H1114 |7 1 |9 43620 |a Arxiu |b Arxiu |d 2016-12-01 |l 0 |o H-1-114 |p 7545 |r 2016-12-01 00:00:00 |w 2016-12-01 |y ARXIU | ||
| 999 | |c 46168 |d 46168 | ||